000
00279nam a2200109Ia 4500
008
200302s9999 xx 000 0 und d
100
_a
Siobhan vernon & others
245
_a
Landscape Architect 's Pocket Book
260
_b
Architectural Press
260
_c
2009
300
_a
299 P.,
999
_c
4289
_d
4289